Al servicio de la justicia y de la República (Record no. 179313)
[ view plain ]
| 000 -LEADER | |
|---|---|
| campo de control de longitud fija | 01380nam a2200325 i 4500 |
| 001 - NÚMERO DE CONTROL | |
| campo de control | 179313 |
| 003 - IDENTIFICADOR DE NÚMERO DE CONTROL | |
| campo de control | ES-MaACL |
| 005 - FECHA Y HORA DE LA ÚLTIMA TRANSACCIÓN | |
| campo de control | 20250811074513.0 |
| 008 - DATOS DE LONGITUD FIJA--INFORMACIÓN GENERAL | |
| campo de control de longitud fija | 111027s2010 sp acfo |||| |bspa d |
| 020 ## - NÚMERO INTERNACIONAL ESTÁNDAR DEL LIBRO | |
| Número Internacional Estándar del Libro | 978-84-92754-04-5 |
| 080 ## - NÚMERO DE LA CLASIFICACIÓN DECIMAL UNIVERSAL | |
| Número de la Clasificación Decimal Universal | 34 Gómez y González, Mariano |
| 080 ## - NÚMERO DE LA CLASIFICACIÓN DECIMAL UNIVERSAL | |
| Número de la Clasificación Decimal Universal | 347.991(460)"1931/39" |
| 080 ## - NÚMERO DE LA CLASIFICACIÓN DECIMAL UNIVERSAL | |
| Número de la Clasificación Decimal Universal | 94(460)"1931/39" |
| 100 1# - ENTRADA PRINCIPAL--NOMBRE DE PERSONA | |
| Nombre de persona | Miralles Sangro, Pedro-Pablo. |
| 9 (RLIN) | 148411 |
| 245 10 - MENCIÓN DEL TÍTULO | |
| Título | Al servicio de la justicia y de la República |
| Resto del título | : Mariano Gómez (1883-1951), Presidente del Tribunal Supremo / |
| Mención de responsabilidad, etc. | Pedro-Pablo Miralles Sangro ; presentación a cargo de Antonio Ortiz-Arce de la Fuente y Enrique Olivas Cabanillas. |
| 260 ## - PUBLICACIÓN, DISTRIBUCIÓN, ETC. | |
| Lugar de publicación, distribución, etc. | Paracuellos de Jarama, Madrid : |
| Nombre del editor, distribuidor, etc. | Dilex, |
| Fecha de publicación, distribución, etc. | [2010] |
| 300 ## - DESCRIPCIÓN FÍSICA | |
| Extensión | 345 p., [12] p. de lám. : |
| Otras características físicas | il. ; |
| Dimensiones | 24 cm. |
| 500 ## - NOTA GENERAL | |
| Nota general | Índice onomástico. |
| 504 ## - NOTA DE BIBLIOGRAFÍA, ETC. | |
| Nota de bibliografía, etc. | Bibliografía: p. [315]-324. |
| 600 17 - PUNTO DE ACCESO ADICIONAL DE MATERIA--NOMBRE DE PERSONA | |
| Nombre de persona | Gómez González, Mariano. |
| 9 (RLIN) | 148414 |
| 610 14 - PUNTO DE ACCESO ADICIONAL DE MATERIA--NOMBRE DE ENTIDAD CORPORATIVA | |
| Nombre de entidad corporativa o nombre de jurisdicción como elemento de entrada | España. |
| Unidad subordinada | Tribunal Supremo |
| 9 (RLIN) | 4004 |
| 651 #7 - PUNTO DE ACCESO ADICIONAL DE MATERIA--NOMBRE GEOGRÁFICO | |
| Nombre geográfico | España- |
| Subdivisión general | Historia- |
| Subdivisión cronológica | 1931-1939, II República. |
| 9 (RLIN) | 8283 |
| 700 1# - ENTRADA AGREGADA--NOMBRE PERSONAL | |
| Nombre de persona | Ortiz-Arce de la Fuente, Antonio. |
| 9 (RLIN) | 148412 |
| 700 1# - ENTRADA AGREGADA--NOMBRE PERSONAL | |
| Nombre de persona | Olivas, Enrique. |
| 9 (RLIN) | 148413 |
| 852 ## - LOCALIZACIÓN | |
| Ubicación | ES-MaACL |
| Número de control de estantería | A-11675 |
| itemnumber | 186199 |
| Sublocalización o colección | R.146653 |
| Ubicación en estantería | Depósito 1 |
| Signatura antigua | Olim: N-4680 |
| Encuadernación | Donación: Dº Isabelo Herreros |
| 903 ## - NOMBRE PERSONAL DE DONANTE | |
| a | Herreros, Isabelo, |
| d | 1953- |
| e | Donante |
| 9 | 63354 |
| 942 ## - ELEMENTOS DE ENTRADA SECUNDARIOS (KOHA) | |
| Fuente del sistema de clasificación o colocación | Clasificación decimal universal |
| Tipo de ítem Koha | Libro impreso |
| Estatus retirado | Estado de pérdida | Fuente del sistema de clasificación o colocación | Estado de daño | No para préstamo | Biblioteca de origen | Biblioteca actual | Ubicación en estantería | Fecha de adquisición | Fuente de adquisición | Número de control de estantería | Total de préstamos | Signatura topográfica completa | Código de barras | Visto por última vez | Precio de reemplazo | Tipo de ítem Koha |
|---|---|---|---|---|---|---|---|---|---|---|---|---|---|---|---|---|
| Clasificación decimal universal | Biblioteca del Ateneo de Madrid | Biblioteca del Ateneo de Madrid | Depósito 1 | 27/10/2011 | Donación | 1 | A-11675 | 1188371 | 23/02/2023 | 23/02/2023 | Libro impreso |
